Son Heung Min - Statistics

General Stats
  • This quiz has been taken 47 times
  • The average score is 9 of 12
Answer Stats
Question Answer % Correct
What year was it when Son join Tottenham Hotspur? 2015
89%
Who made Son Fight in the changing rooms? Hugo Lloris
89%
Which Country is Son from? South Korea
89%
Did he score 2 goals against man utd? Yes
89%
Who did Son like the most at Tottenham? Harry Kane
78%
Which team is he going to play for after 2 years? Neither
78%
Who did he get player of the month with? Harry kane
67%
Did he lead Tottenham into the Europa League? Yes
67%
Who helps him score? Harry kane
56%
Did he score at the last minute against Burnley? Yes
56%
Did his dad forbid him from taking care of kids when he is playing for Spurs? Yes
56%
When did he score his first goal? September 2015
44%
No matching quizzes found
Score Distribution
Percent of People with Each Score
Percentile by Number Answered
Your Score History
You have not taken this quiz